[Event "FIDE Grand Prix Sharjah"]
[Site "Sharjah UAE"]
[Date "2017.02.18"]
[EventDate "2017.02.18"]
[Round "1.8"]
[Result "1/2-1/2"]
[White "Yifan Hou"]
[Black "Ian Nepomniachtchi"]
[WhiteElo "2651"]
[BlackElo "2749"]
[PlyCount "86"]

1. e4 c5 2. Nf3 d6 3. d4 cxd4 4. Nxd4 Nf6 5. Nc3 a6 6. h3 e5
7. Nde2 h5 8. g3 Nbd7 9. Bg5 Be7 10. a4 b6 11. Bg2 Bb7 12. O-O
Rc8 13. h4 O-O 14. Qd2 Rc7 15. Rfe1 Qa8 16. Nc1 Rfc8 17. N1a2
Rc4 18. b3 Rd4 19. Qe2 Nc5 20. Bxf6 Bxf6 21. Rad1 g6 22. Nd5
Bxd5 23. Rxd4 exd4 24. exd5 d3 25. Qf3 Kg7 26. Nb4 dxc2
27. Rc1 Re8 28. Nxc2 Re7 29. Nb4 Qe8 30. Kf1 Ne4 31. Qd3 Nc5
32. Qc2 Qd7 33. Nc6 Re8 34. b4 Nb7 35. Re1 Rxe1+ 36. Kxe1 a5
37. bxa5 bxa5 38. Kf1 Qc7 39. Bf3 Qb6 40. Kg2 Qb2 41. Qxb2
Bxb2 42. Bd1 Ba3 43. Be2 Nc5 1/2-1/2

[Event "FIDE Grand Prix Sharjah"]
[Site "Sharjah UAE"]
[Date "2017.02.18"]
[EventDate "2017.02.18"]
[Round "1.9"]
[Result "1/2-1/2"]
[White "Alexander Grischuk"]
[Black "Jon Ludvig Hammer"]
[WhiteElo "2742"]
[BlackElo "2628"]
[PlyCount "81"]

1. c4 e5 2. d3 Bb4+ 3. Nd2 Nf6 4. Nf3 Bd6 5. a3 O-O 6. e3 Re8
7. Qc2 Bf8 8. b4 d6 9. Bb2 a5 10. Be2 Na6 11. Qb3 Bf5 12. O-O
h6 13. Bc3 c6 14. Qb2 Nd7 15. Nb3 a4 16. Nbd2 Nc7 17. Rfe1 Bh7
18. Rad1 b6 19. Ne4 f5 20. Ng3 c5 21. Nd2 Rb8 22. Bh5 Re7
23. Bf3 b5 24. Qc2 Kh8 25. Bc6 Rb6 26. cxb5 Nxb5 27. Bxb5 Rxb5
28. Qxa4 Rb8 29. Qc6 Re8 30. Nc4 Qc8 31. Qf3 d5 32. Qxd5 Nf6
33. Qf3 e4 34. dxe4 cxb4 35. Bxf6 Qxc4 36. Ba1 fxe4 37. Qf4
bxa3 38. Qxh6 Kg8 39. Qf4 Rb7 40. Rc1 Qe6 41. Ne2 1/2-1/2

[Event "FIDE Grand Prix Sharjah"]
[Site "Sharjah UAE"]
[Date "2017.02.20"]
[EventDate "2017.02.18"]
[Round "3.3"]
[Result "1/2-1/2"]
[White "Alexander Grischuk"]
[Black "Levon Aronian"]
[WhiteElo "2742"]
[BlackElo "2785"]
[PlyCount "39"]

1. e4 e5 2. Nf3 Nc6 3. Bb5 a6 4. Ba4 Nf6 5. O-O Be7 6. Re1 b5
7. Bb3 O-O 8. a3 Bc5 9. c3 Bb6 10. d4 Re8 11. Bg5 d6 12. Qd3
Na5 13. Bd5 c6 14. Ba2 c5 15. dxc5 dxc5 16. Qxd8 Rxd8 17. b4
Nb7 18. c4 bxc4 19. Bxc4 cxb4 20. axb4 1/2-1/2

[Event "FIDE Grand Prix Sharjah"]
[Site "Sharjah UAE"]
[Date "2017.02.21"]
[EventDate "2017.02.18"]
[Round "4.3"]
[Result "1/2-1/2"]
[White "Levon Aronian"]
[Black "Alexander Riazantsev"]
[WhiteElo "2785"]
[BlackElo "2671"]
[PlyCount "57"]

1. c4 e6 2. Nc3 Bb4 3. Qb3 a5 4. a3 Bxc3 5. Qxc3 Nf6 6. b3 O-O
7. Bb2 d6 8. e3 e5 9. d4 Nc6 10. dxe5 dxe5 11. Bd3 Bg4 12. Ne2
Bh5 13. Ng3 Bg6 14. Be2 h5 15. h4 Re8 16. Rd1 Qe7 17. O-O Ne4
18. Nxe4 Bxe4 19. g3 Qf6 20. f3 Bf5 21. b4 Qg6 22. Kh2 axb4
23. axb4 Nd4 24. exd4 exd4 25. Qd2 d3 26. Rfe1 dxe2 27. Rxe2
Rxe2+ 28. Qxe2 Be6 29. Rd2 1/2-1/2

[Event "FIDE Grand Prix Sharjah"]
[Site "Sharjah UAE"]
[Date "2017.02.21"]
[EventDate "2017.02.18"]
[Round "4.5"]
[Result "1/2-1/2"]
[White "Pavel Eljanov"]
[Black "Yifan Hou"]
[WhiteElo "2759"]
[BlackElo "2651"]
[PlyCount "133"]

1. d4 Nf6 2. c4 e6 3. Nc3 Bb4 4. e3 O-O 5. Bd3 d5 6. cxd5 exd5
7. Ne2 Re8 8. Bd2 c6 9. O-O Bd6 10. Ng3 Nbd7 11. Rc1 Nf8
12. f3 Ne6 13. Be1 a6 14. Bf2 c5 15. Re1 cxd4 16. exd4 Nf4
17. Rxe8+ Qxe8 18. Bb1 Bd7 19. Qd2 g6 20. Nf1 Qf8 21. Be3 Qb8
22. a3 Bc6 23. Ba2 Ne6 24. Re1 Qc7 25. Bf2 Bf4 26. Qd1 Rd8
27. Bh4 Bg5 28. Bxg5 Nxg5 29. Qd2 Ne6 30. Ne3 Qf4 31. Rd1 Kg7
32. Nc2 Qxd2 33. Rxd2 Kf8 34. Kf2 Ke7 35. h4 h5 36. Ne3 Nc7
37. g4 hxg4 38. fxg4 Kd6 39. g5 Nh5 40. Ng4 f6 41. gxf6 Rf8
42. Ke3 Ng3 43. Rf2 Nf5+ 44. Kd3 Nxh4 45. Ne3 Nf5 46. Nxf5+
gxf5 47. Rxf5 Bd7 48. Rh5 Be6 49. Rh6 Rf7 50. Na4 a5 51. Nc5
Ne8 52. Bb3 b6 53. Na4 Kc6 54. Nc3 b5 55. Rh8 Nc7 56. Rh6 Ne8
57. Rh5 Nc7 58. a4 b4 59. Nb5 Ne8 60. Re5 Rxf6 61. Bxd5+ Bxd5
62. Rxe8 Rf3+ 63. Kd2 Rf2+ 64. Re2 Rxe2+ 65. Kxe2 Bb3 66. Kd2
Bxa4 67. Nc3 1/2-1/2

[Event "FIDE Grand Prix Sharjah"]
[Site "Sharjah UAE"]
[Date "2017.02.22"]
[EventDate "2017.02.18"]
[Round "5.4"]
[Result "1-0"]
[White "Alexander Grischuk"]
[Black "Pavel Eljanov"]
[WhiteElo "2742"]
[BlackElo "2759"]
[PlyCount "97"]

1. d4 Nf6 2. c4 e6 3. Nf3 d5 4. Nc3 Bb4 5. cxd5 exd5 6. Bg5 h6
7. Bh4 O-O 8. e3 Bf5 9. Qb3 Bxc3+ 10. bxc3 Nbd7 11. Be2 c5
12. dxc5 Nxc5 13. Qb4 Nce4 14. Nd4 Bh7 15. O-O g5 16. Bg3 Qb6
17. Qxb6 axb6 18. Rfc1 Rfc8 19. c4 Nxg3 20. hxg3 Rc5 21. Nb3
Rc7 22. cxd5 Rxc1+ 23. Rxc1 Nxd5 24. Nd4 Bg6 25. Bb5 Nb4
26. a4 Na6 27. f3 Nc5 28. e4 Rd8 29. Rc4 h5 30. Kf2 f6 31. Ke3
Bf7 32. Rb4 Ra8 33. Ne2 Rc8 34. Rd4 Be8 35. Rd6 Bxb5 36. axb5
Kf7 37. Nc3 Re8 38. Rxb6 f5 39. Rd6 fxe4 40. Nxe4 Nxe4
41. fxe4 Ra8 42. Rd7+ Kf6 43. Rxb7 Ra3+ 44. Kd4 Rxg3 45. b6
Rxg2 46. Rb8 Rb2 47. b7 Kg7 48. e5 g4 49. Ke4 1-0

[Event "FIDE Grand Prix Sharjah"]
[Site "Sharjah UAE"]
[Date "2017.02.22"]
[EventDate "2017.02.18"]
[Round "5.6"]
[Result "1/2-1/2"]
[White "Francisco Vallejo Pons"]
[Black "Li Chao"]
[WhiteElo "2709"]
[BlackElo "2720"]
[PlyCount "73"]

1. e4 e5 2. Nf3 Nf6 3. Nxe5 d6 4. Nf3 Nxe4 5. d4 d5 6. Bd3 Nc6
7. O-O Be7 8. Nbd2 Bf5 9. Re1 Nxd2 10. Qxd2 Bxd3 11. Qxd3 O-O
12. c3 Qd7 13. Bf4 Rae8 14. Re2 Bd6 15. Bxd6 Qxd6 16. Rae1
Rxe2 17. Qxe2 h6 18. g3 Rb8 19. Nh4 Qd7 20. g4 g6 21. Ng2 b5
22. b4 a5 23. a3 a4 24. h3 Rd8 25. Nf4 Qd6 26. Nd3 Kg7 27. Nc5
Rb8 28. Kg2 g5 29. Kg1 Rb6 30. Qe8 Rb8 31. Qe2 Rb6 32. Kf1 Rb8
33. Kg2 Rb6 34. Qe8 Rb8 35. Qe2 Rb6 36. Qe8 Rb8 37. Qe2
1/2-1/2

[Event "FIDE Grand Prix Sharjah"]
[Site "Sharjah UAE"]
[Date "2017.02.24"]
[EventDate "2017.02.18"]
[Round "6.4"]
[Result "1/2-1/2"]
[White "Levon Aronian"]
[Black "Francisco Vallejo Pons"]
[WhiteElo "2785"]
[BlackElo "2709"]
[PlyCount "96"]

1. c4 e6 2. Nc3 d5 3. d4 Nf6 4. cxd5 Nxd5 5. e4 Nxc3 6. bxc3
c5 7. Rb1 Be7 8. Bb5+ Bd7 9. Bxd7+ Qxd7 10. d5 exd5 11. exd5
O-O 12. Nf3 Bf6 13. O-O b5 14. Bf4 Bxc3 15. Qd3 b4 16. Ng5 g6
17. Ne4 Qf5 18. Qf3 Nd7 19. Nxc3 bxc3 20. Rbc1 Ne5 21. Bxe5
Qxe5 22. Rxc3 Rac8 23. Rc4 Rfe8 24. h4 Qd6 25. Rd1 Re5 26. Qg3
Rce8 27. Kh2 R8e7 28. Rc3 f6 29. Re3 Kg7 30. Kg1 Rd7 31. Rxe5
Qxe5 32. Qd3 Qd6 33. g3 Rc7 34. Qc4 Rd7 35. a4 Rb7 36. a5 Rb4
37. Qc3 a6 38. Kg2 Rb5 39. Rd2 c4 40. Qxc4 Rxa5 41. g4 Rb5
42. g5 Rb4 43. Qc6 Qxc6 44. dxc6 fxg5 45. hxg5 Kf7 46. c7 Rc4
47. Rd7+ Ke6 48. Rxh7 Ke5 1/2-1/2